000 00724nam a2200241Ia 4500
003 OSt
005 20220928123915.0
006 a|||||r|||| 00| 0
007 ta
008 220927b |||||||| |||| 00| 0 eng d
024 _a42366
037 _cTextual
040 _aSDCL
_cSDCL
_beng
041 _2eng
_aeng
082 _aX64.1'P, P6
100 _aAran Hemendra
_9462102
245 0 _aGlobal financial markets revolution
_b The future of exchanges and global capital markets.
260 _aNew York
_b Palgrave Macmillan
_c2006
300 _axv,206p
_ccm.
700 _a Patel Alpesh B
_9462103
942 _hX64.1'P, P6
_cTEXL
_2CC
999 _c775114
_d775114